[Event "We love Germany :-)"]
[Site "http://www.queenalice.com/game.php?id=260743"]
[Date "2007.8.24"]
[Round "-"]
[White "GeGo"]
[Black "Wecker"]
[Result "1-0"]
[WhiteElo "1673"]
[BlackElo "1697"]

1. d4 e6 2. e4 d5 3. e5 Nc6 4. c4 Bb4+ 5. Bd2 dxc4 6. Bxc4 Qxd4 7. Nc3 Qxc4 8.
f4 Bxc3 9. bxc3 Qe4+ 10. Qe2 Qxe2+ 11. Nxe2 g5 12. g3 Bd7 13. Nd4 gxf4 14. gxf4
Nxd4 15. cxd4 Nh6 16. Rg1 Nf5 17. Bc3 Nh4 18. Rg3 Bc6 19. O-O-O Nf5 20. Rgd3 h5
21. Be1 O-O-O 22. Bf2 Bd5 23. Ra3 a6 24. h4 Rhg8 25. Rdd3 Rg4 26. Bg3 1-0

[Event "Rematch :-)"]
[Site "http://www.queenalice.com/game.php?id=260763"]
[Date "2007.8.24"]
[Round "-"]
[White "GeGo"]
[Black "erbekjas"]
[Result "0-1"]
[WhiteElo "1711"]
[BlackElo "1721"]

1. d4 e6 2. d5 e5 3. e4 c5 4. c4 d6 5. Nc3 Bd7 6. Bd3 a6 7. Nge2 h6 8. Be3 Nf6
9. h3 b5 10. b3 b4 11. Nb1 a5 12. a4 Na6 13. Nd2 Be7 14. Ng3 h5 15. Nf5 Bf8 16.
Qf3 Bxf5 17. Qxf5 Nc7 18. Be2 g6 19. Qg5 Qe7 20. Qh4 O-O-O 21. Bg5 Nce8 22. Bg4+
Kb8 23. f3 Bg7 24. O-O hxg4 25. Bxf6 Bxf6 26. Qxg4 Ng7 27. Qg3 Nh5 28. Qf2 Nf4
29. Qe3 Bg5 30. Qf2 Bh4 31. Qe3 Qg5 32. g4 Nxh3+ 33. Kg2 Qxe3 34. Kxh3 Be1+ 35.
Kg2 Qxd2+ 0-1

[Event "<< TaKe TwO >>"]
[Site "http://www.queenalice.com/game.php?id=260772"]
[Date "2007.8.24"]
[Round "-"]
[White "GeGo"]
[Black "tche_elvio"]
[Result "1-0"]
[WhiteElo "1715"]
[BlackElo "1538"]

1. d4 e6 2. d5 exd5 3. Qxd5 h6 4. Qe5+ Ne7 5. g3 Nc6 6. Qf4 Nd5 7. Qe4+ Nce7 8.
Bd2 Nf6 9. Qa4 Nf5 10. e4 Nd6 11. e5 Qe7 12. Qa5 b6 13. Qc3 Bb7 14. f3 Nd5 15.
Qd4 c5 16. Qf2 Qxe5+ 17. Qe2 Nc4 18. Bc3 Nxc3 19. Nxc3 Qxe2+ 20. Bxe2 Bc6 21.
Bxc4 g6 22. O-O-O O-O-O 23. Bxf7 g5 24. Bd5 Bg7 25. Nge2 Bxc3 26. Nxc3 Bxd5 27.
Nxd5 Rde8 28. Rhe1 Rxe1 29. Rxe1 Kd8 30. b3 h5 31. f4 gxf4 32. Nxf4 Kc7 33. h4
a5 34. Re5 Kd6 35. Rd5+ Kc6 36. Rxh5 Rxh5 37. Nxh5 Kd5 38. Nf6+ Ke6 39. Ne4 Kd5
40. h5 Kxe4 41. h6 Kf5 42. h7 Kg4 43. h8=Q Kxg3 44. a4 d5 45. c4 dxc4 46. bxc4
Kf3 47. Qc3+ Ke2 48. Qb2+ Kd3 49. Qb3+ Kd4 50. Kc2 Ke5 51. Qxb6 Kd4 52. Kb3 Ke5
53. Qxc5+ Ke4 54. Qxa5 Kd3 55. c5 1-0

[Event "Rob is top ;-)"]
[Site "http://www.queenalice.com/game.php?id=262409"]
[Date "2007.8.27"]
[Round "-"]
[White "GeGo"]
[Black "rob0330"]
[Result "0-1"]
[WhiteElo "1724"]
[BlackElo "1790"]

1. d4 d5 2. Bf4 Nf6 3. e3 Nbd7 4. Bd3 c5 5. c3 e6 6. Qa4 a6 7. Nf3 b5 8. Bxb5
Bb7 9. Bxd7+ Qxd7 10. Qc2 Nh5 11. Ne5 Qe7 12. Qa4+ Kd8 13. dxc5 Nxf4 14. exf4 f6
15. Nd3 Qc7 16. b4 Ke7 17. O-O Kf7 18. Re1 Be7 19. a3 Rhe8 20. Nd2 Bc6 21. Qc2
a5 22. g3 axb4 23. cxb4 Qd7 24. Nb2 g6 0-1

[Event "TLaLoc -> GoD of raiN"]
[Site "http://www.queenalice.com/game.php?id=262412"]
[Date "2007.8.27"]
[Round "-"]
[White "Tlaloc2k"]
[Black "GeGo"]
[Result "1-0"]
[WhiteElo "1516"]
[BlackElo "1667"]

1. e4 e5 2. Nc3 Nf6 3. Bc4 d6 4. d3 Qe7 5. Bg5 h6 6. Nd5 Qd7 7. Bxf6 c6 8. Ne7
gxf6 9. Nxc8 Qxc8 10. Qh5 Qd7 11. Ne2 d5 12. exd5 cxd5 13. Bb3 Nc6 14. O-O O-O-O
15. c3 Rg8 16. Ng3 Na5 17. Bc2 Rg5 18. Qf3 f5 19. Qe3 Nc6 20. Ne2 Rh5 21. Ng3 f4
22. Qf3 Rg5 23. d4 f6 24. Bf5 Rxf5 25. Nxf5 Qxf5 26. g4 Qc2 27. b4 b5 28. dxe5
fxe5 29. Rad1 Ne7 30. Rfe1 Bg7 31. Rc1 Qxa2 32. Ra1 Qd2 33. Qh3 Kb8 34. Ra6
Qxe1+ 35. Kg2 1-0

[Event "@ Sirius Black @"]
[Site "http://www.queenalice.com/game.php?id=263056"]
[Date "2007.8.29"]
[Round "-"]
[White "GeGo"]
[Black "Sirius"]
[Result "1-0"]
[WhiteElo "1701"]
[BlackElo "1624"]

1. d4 Nf6 2. d5 d6 3. Nc3 c5 4. Bg5 h6 5. Bxf6 exf6 6. e4 Bd7 7. Bb5 Qa5 8. a4
Qb4 9. Qd3 Qxb2 10. Rb1 Qa3 11. Nge2 a6 12. Qd1 axb5 13. Rb3 1-0

[Event "KOQA CUP "]
[Site "http://www.queenalice.com/game.php?id=278850"]
[Date "2007.9.29"]
[Round "1"]
[White "GeGo"]
[Black "anandya"]
[Result "0-1"]
[WhiteElo "1676"]
[BlackElo "1854"]

1. d4 d5 2. Bf4 Nc6 3. e3 Nf6 4. f3 a6 5. c4 e6 6. c5 Qe7 7. a3 b6 8. b4 Bb7 9.
Bd3 a5 10. Nc3 axb4 11. Nb5 e5 12. Bxe5 Nxe5 13. dxe5 Ng8 14. f4 Bc6 15. Nf3
bxc5 16. a4 c4 17. Be2 Qd7 18. Nbd4 b3 0-1

[Event "First game in a long time!"]
[Site "http://www.queenalice.com/game.php?id=322807"]
[Date "2007.12.19"]
[Round "-"]
[White "GeGo"]
[Black "Frankone"]
[Result "0-1"]
[WhiteElo "1645"]
[BlackElo "1539"]

1. d4 Nf6 2. d5 c6 3. c4 Qa5+ 4. Nc3 e5 5. Bg5 Bb4 6. Rc1 cxd5 7. Bxf6 gxf6 8.
cxd5 d6 9. e4 Rg8 10. a3 Bc5 11. Nh3 Bd4 12. f3 a6 13. g4 b5 0-1

[Event "Let's Play Chess!"]
[Site "http://www.queenalice.com/game.php?id=358854"]
[Date "2008.2.22"]
[Round "-"]
[White "paddymalonespub"]
[Black "GeGo"]
[Result "1-0"]
[WhiteElo "1733"]
[BlackElo "1642"]

1. e4 Nc6 2. Nf3 e5 3. d3 Bc5 4. Nc3 Nf6 5. Bg5 h6 6. Bxf6 Qxf6 7. Be2 Bb4 8.
O-O Bxc3 9. bxc3 d6 10. d4 Qf4 11. Qd3 Bg4 12. d5 Ne7 13. Qb5+ Bd7 14. Qxb7 O-O
15. Qxc7 Qg4 16. h3 1-0

[Event "Let's Play Chess!"]
[Site "http://www.queenalice.com/game.php?id=358855"]
[Date "2008.2.22"]
[Round "-"]
[White "GeGo"]
[Black "paddymalonespub"]
[Result "0-1"]
[WhiteElo "1630"]
[BlackElo "1745"]

1. d4 d5 2. Bf4 Nf6 3. e3 e6 4. c4 Bd6 5. Bxd6 Qxd6 6. c5 Qd8 7. b4 O-O 8. b5 c6
9. a4 b6 10. Nc3 a5 11. h3 bxc5 12. bxc6 Nxc6 13. Rb1 Nb4 14. Bb5 cxd4 15. exd4
Ba6 0-1

[Event "Challenge"]
[Site "http://www.queenalice.com/game.php?id=359626"]
[Date "2008.2.23"]
[Round "-"]
[White "Lightningzap007"]
[Black "GeGo"]
[Result "0-1"]
[WhiteElo "1638"]
[BlackElo "1625"]

1. e4 e5 2. Nf3 Nc6 3. Bb5 Nd4 4. Nxd4 exd4 5. O-O c6 6. Ba4 d6 7. d3 Nf6 8. f4
Ng4 9. h3 Ne3 10. Bxe3 dxe3 11. Qe2 Qb6 12. Bb3 Be6 0-1

[Event "Challenge"]
[Site "http://www.queenalice.com/game.php?id=359627"]
[Date "2008.2.23"]
[Round "-"]
[White "GeGo"]
[Black "CampbellMarcel"]
[Result "0-1"]
[WhiteElo "1619"]
[BlackElo "1610"]

1. d4 f5 2. Bf4 d6 3. Nf3 h6 4. c4 g5 5. Bd2 Nf6 6. h3 Bg7 7. e3 c5 8. Bd3 cxd4
9. exd4 e6 10. Nc3 a6 11. O-O O-O 12. Re1 Nc6 13. d5 Nb4 14. dxe6 Bxe6 15. Rxe6
Nxd3 0-1

[Event "Challenge"]
[Site "http://www.queenalice.com/game.php?id=404512"]
[Date "2008.5.17"]
[Round "-"]
[White "GeGo"]
[Black "Tchecmaurice"]
[Result "1/2-1/2"]
[WhiteElo "1603"]
[BlackElo "1488"]

1. d4 d5 2. Bf4 Nc6 3. Nf3 Bg4 4. e3 Bxf3 5. Qxf3 f6 6. Bb5 Qd7 7. Nc3 e6 8. Qg4
O-O-O 9. a3 Bd6 10. Bxd6 cxd6 11. Bxc6 bxc6 12. Ne2 e5 13. h3 Nh6 14. Qxd7+ Rxd7
15. c3 exd4 16. cxd4 Rb7 17. b4 Re8 18. O-O g5 19. g4 a5 20. Rfb1 axb4 21. Rxb4
Rc7 22. a4 c5 23. dxc5 dxc5 24. Rb5 d4 25. Ra3 c4 26. Nxd4 c3 27. Nc2 Re6 28.
Kf1 Nf7 29. a5 Nd6 30. Rbb3 Nc4 31. Nd4 c2 32. Nxc2 Nd2+ 33. Kg2 Nxb3 34. a6
Ree7 35. Nb4 Nc5 36. Nd5 Kb8 37. Nxe7 Rxe7 38. a7+ Rxa7 39. Rc3 Rc7 40. f4 gxf4
41. exf4 Ne6 42. Rb3+ Rb7 43. Rf3 Rg7 44. f5 Ng5 45. Re3 Nf7 46. Re6 h5 47. Kg3
hxg4 48. hxg4 Ng5 49. Re8+ Kc7 50. Ra8 Kd6 51. Kf4 Re7 52. Ra6+ Kd7 1/2-1/2

[Event "Challenge"]
[Site "http://www.queenalice.com/game.php?id=407810"]
[Date "2008.5.24"]
[Round "-"]
[White "GeGo"]
[Black "dtrainey"]
[Result "0-1"]
[WhiteElo "1614"]
[BlackElo "1616"]

1. d4 d5 2. Bf4 h6 3. e3 e6 4. c4 dxc4 5. Bxc4 Bd6 6. Qg4 Bxf4 7. Qxf4 Nd7 8. d5
e5 9. Qf5 Qe7 10. Nc3 Nb6 11. b3 Bxf5 12. e4 Bg6 13. Nf3 Nxc4 14. bxc4 Nf6 15.
Nd2 Qb4 16. Nb5 O-O 17. f3 a6 18. Nxc7 Rac8 19. a3 Qc3 20. O-O Rxc7 21. Rfd1
Qd4+ 22. Kh1 b5 23. cxb5 axb5 24. Nb3 Qc3 25. Rdc1 Qxb3 26. Rxc7 Ra8 27. d6 Rxa3
28. Rac1 Nh5 29. Rc8+ Kh7 30. h3 Ng3+ 31. Kh2 Ra7 32. Kxg3 Bxe4 0-1

[Event "Challenge"]
[Site "http://www.queenalice.com/game.php?id=411604"]
[Date "2008.6.1"]
[Round "-"]
[White "GeGo"]
[Black "thefonz"]
[Result "0-1"]
[WhiteElo "1582"]
[BlackElo "1873"]

1. d4 Nf6 2. Bg5 e6 3. Bxf6 Qxf6 4. e4 e5 5. d5 Bc5 6. Nh3 d6 7. g4 Qh4 8. Qf3
Bxg4 9. Qg3 Qxg3 10. hxg3 h6 11. Bb5+ c6 12. dxc6 bxc6 13. Bxc6+ Nxc6 14. Nc3
Nd4 15. Kd2 Nf3+ 16. Kd3 Bxh3 17. Rxh3 O-O 18. g4 Ng5 19. Rh2 Rab8 20. b3 Bd4
21. Rf1 Bxc3 22. Kxc3 Nxe4+ 23. Kb2 Nd2 24. Rd1 Nc4+ 25. Kb1 e4 26. Rd4 e3 27.
Rxc4 e2 0-1

[Event "Challenge"]
[Site "http://www.queenalice.com/game.php?id=411605"]
[Date "2008.6.1"]
[Round "-"]
[White "GeGo"]
[Black "Gallow"]
[Result "0-1"]
[WhiteElo "1582"]
[BlackElo "1666"]

1. d4 Nf6 2. f3 d5 3. Bg5 e6 4. e3 Be7 5. c4 Bb4+ 6. Nd2 h6 7. Bxf6 Qxf6 8. c5
a6 9. a3 Bxd2+ 10. Qxd2 b6 11. cxb6 cxb6 12. Bd3 Nc6 13. Ne2 Bd7 14. b4 Qg5 15.
g3 f5 16. b5 axb5 17. Bxb5 O-O 18. O-O Ra5 19. a4 Qe7 20. Rfc1 Rc8 21. Nc3 Na7
22. Bxd7 Qxd7 23. f4 Kf7 24. Rcb1 b5 25. Nxb5 Nxb5 26. Qxa5 Nc3 27. Kg2 Nxb1 28.
Rxb1 Rc2+ 29. Kh3 Kf6 30. Qb5 Qf7 31. g4 fxg4+ 0-1

[Event "Time 2 Play"]
[Site "http://www.queenalice.com/game.php?id=417198"]
[Date "2008.6.13"]
[Round "-"]
[White "SRIVERO"]
[Black "GeGo"]
[Result "1-0"]
[WhiteElo "1604"]
[BlackElo "1598"]

1. d4 d5 2. c4 Bf5 3. Nf3 Bxb1 4. Rxb1 f6 5. e3 c6 6. Qb3 b6 7. cxd5 cxd5 8.
Bb5+ Nd7 9. Qxd5 Rc8 10. O-O Rc7 11. Bd2 Nh6 12. Rbc1 Rxc1 13. Rxc1 e5 14. dxe5
fxe5 15. Nxe5 1-0